Joan edukira

Внешнеэкономическая деятельность: налогообложение, учет, анализ и аудит Учебник

В учебнике рассмотрены проблемы ведения внешнеэкономической деятельности с точки зрения налогообложения бухгалтерского учета анализа аудита применения российского и международного законодательства регламентирующего этот вид деятельности. Все теоретические положения разобраны на примере практических...

Deskribapen osoa

Gorde:
Xehetasun bibliografikoak
Egile nagusia: Бурденко Е.В
Formatua: Учебник
Edizioa:1
Saila:Высшее образование: Магистратура
Sarrera elektronikoa:https://znanium.com/catalog/document?id=350394
https://znanium.com/cover/1066/1066006.jpg
Etiketak: Etiketa erantsi
Etiketarik gabe, Izan zaitez lehena erregistro honi etiketa jartzen!
LEADER 04152nam0a2200361 i 4500
001 RU\infra-m\znanium\bibl\1066006
003 https://znanium.com/catalog/document?id=350394
005 20230823000000.0
010 |a 978-5-16-012441-4 
010 |a 978-5-16-105477-2  |b электр. издание 
100 |a 20230823d2019 m y0rusy0150 ca 
101 0 |a rus 
102 |a RU 
200 1 |a Внешнеэкономическая деятельность: налогообложение, учет, анализ и аудит  |e Учебник  |f Российский экономический университет им. Г.В. Плеханова  |g Российский экономический университет им. Г.В. Плеханова 
205 |a 1 
210 1 |a Москва  |c ООО "Научно-издательский центр ИНФРА-М"  |d 2020 
215 |a 249 с. 
225 1 |a Высшее образование: Магистратура 
330 |a В учебнике рассмотрены проблемы ведения внешнеэкономической деятельности с точки зрения налогообложения бухгалтерского учета анализа аудита применения российского и международного законодательства регламентирующего этот вид деятельности. Все теоретические положения разобраны на примере практических ситуаций возникающих в реальной практике. Изложенный теоретический материал и практические ситуации призваны помочь освоить ведение внешнеэкономической деятельности. Учебник содержит схемы таблицы типичных операций образцы документов проверочные тесты по каждой теме практические задания и приложения необходимых документов для более полного освоения дисциплины. Соответствует требованиям Федерального государственного образовательного стандарта высшего образования последнего поколения. Для магистрантов аспирантов обучающихся по экономическим программам и углубленно изучающих внешнеэкономическую деятельность также учебник будет полезен преподавателям экономических факультетов вузов и практикам. 
333 |a ВО - Магистратура 
606 |a Экономика. Бухгалтерский учет. Финансы  |x Отраслевой бухгалтерский учет  |2 local 
608 |a Учебник  |2 local 
675 |a 339+657(075.8)  |z rus 
686 |a 65.298я73  |2 rubbk 
686 |a 38.03.01  |2 okso 
686 |a 38.04.01  |2 okso 
700 1 |a Бурденко  |b Е.В.  |g Елена Викторовна  |p Российский экономический университет им. Г.В. Плеханова 
701 1 |a Быкасова  |b Е.В.  |g Елена Вячеславовна 
701 1 |a Ковалева  |b О.Н.  |g Оксана Николаевна  |p Российский государственный университет им. А.Н. Косыгина 
712 0 2 |a Российский экономический университет им. Г.В. Плеханова 
801 0 |a RU  |b Общество с ограниченной ответственностью «ЗНАНИУМ»  |c 20191007  |2 rusmarc 
856 4 |a znanium.com  |m ebs_support@infra-m.ru  |n НИЦ ИНФРА-М  |u https://znanium.com/catalog/document?id=350394 
856 4 1 |a znanium.com  |d /cover/1066  |f 1066006.jpg  |q image/jpeg  |u https://znanium.com/cover/1066/1066006.jpg